| 000 | 00859pam a2200241 a 4500 | ||
|---|---|---|---|
| 001 | vtls003021405 | ||
| 003 | MY-SjTCS | ||
| 005 | 20200306154626.0 | ||
| 008 | 110218s1999 njua b 001 0 eng | ||
| 020 | _a0130959901 | ||
| 039 | 9 |
_a201102181245 _bVLOAD _y200503191533 _zkusuma |
|
| 082 | 0 | 4 |
_a004.22 _bTAN |
| 100 | 1 |
_aTanenbaum, Andrew S., _d1944- _96651 |
|
| 245 | 1 | 0 |
_aStructured computer organization / _cAndrew S. Tanenbaum ; with contributions from James R. Goodman. |
| 250 | _a4th ed. | ||
| 260 |
_aUpper Saddle River, N.J. : _bPrentice Hall, _cc1999. |
||
| 300 |
_axviii, 669 p. : _bill. ; _c25 cm. |
||
| 504 | _aIncludes bibliographical references (p. 613-629) and index. | ||
| 650 | 0 |
_aMicrosoft Windows (Computer file) _981560 |
|
| 650 | 0 |
_aComputer organization. _92693 |
|
| 700 | 1 |
_aGoodman, James R. _9214540 |
|
| 920 | _aCIT (RMIT) : 546902 | ||
| 999 | _c30891 | ||